000
00295nam a2200109Ia 4500
001
1272353
005
20260417151427.0
008
260417s9999 xx 000 0 und d
020
_a
9786255998774
245
0
_a
En Sevgili’ye Kalpten Bir Mektup
_c
Jenny Moledyk Divleli
260
_b
Ketebe Çocuk
999
_c
1272353
_d
1272353